La sola mar

Gespeichert in:
Bibliographische Detailangaben
1. Verfasser: Menacho, Pablo
Format: Buch
Sprache:Undetermined
Veröffentlicht: Panamá, Panamá Formato 16 1989
Schlagworte:
Tags: Tag hinzufügen
Keine Tags, Fügen Sie den ersten Tag hinzu!

MARC

LEADER 00000nam a2200000Ia 4500
008 170316s9999 xx 000 0 und d
040 |a cru BVZT 
090 |a 860 M-16s 
100 |a Menacho, Pablo 
245 |a La sola mar 
260 |a Panamá, Panamá 
260 |b Formato 16 
260 |c 1989 
300 |a 77 páginas 
650 |a LITERATURA LATINOAMERICANA 
999 |c 8919  |d 8919 
942 |c 15 D  |h 860 M-16s  |2 z